Normal view
MARC view
- Jayvee C. Bauista
Entry Personal Name
001 - CONTROL NUMBER
- control field: 3867
003 - CONTROL NUMBER IDENTIFIER
- control field: URS
005 - DATE AND TIME OF LATEST TRANSACTION
- control field: 20230228090326.0
008 - FIXED-LENGTH DATA ELEMENTS
- fixed length control field: 230228|| aca||aabn | a|a d
040 ## - CATALOGING SOURCE
- Original cataloging agency: URS
100 ## - HEADING--PERSONAL NAME
- Personal name: Jayvee C. Bauista
- Relator term: Author







Phil. Journal of Health Research & Development
Phil. Journal of Neurology
Philippine Journal of Nuclear Medicine
Philippine Journal of Ophthalmology







Philippine eJournals
Tritech Digital Media
Bangko Sentral ng Pilipinas Resources













